00534nam a22001697a 4500999001900000005001700019010001300036035001300049037002200062082001100084100002500095245004600120260003900166300002900205942002500234952010500259 c158101d15810120181015172428.0 aB-158715 aB-158715 bA.P.H. publishing a370.71 aSingh, Yogesh Kumar  aTeacher education/cby Yogesh Kumar Singh aNew DelhibA.P.H. publishingc2005 avi, 260 p.c21 c.m. (Hb) 2ddccENh370.71mYOG 001040708NFICaZLSbZLSd2018-10-15l0o370.71 YOGpB-158715r2018-10-15 00:00:00w2018-10-15yEN